000 00459nam a22001457a 4500
022 _a23142251
080 _a349.6 C 751
245 _aCuaderno de derecho ambiental
_bBosques
260 _aCórdoba
_bAcademia Nacional de Derecho y Ciencias Sociales de Córdoba
_c2011
300 _a264 p.
362 _aNumero III 2011
650 _xderecho ambiental
_xmedio ambiente
_xbosques
_xproteccion de bosques
_xbosques nativos
945 _asa
_d2015-06-16
999 _c4042
_d234546